[Event "Ýòàï Êóáêà Ðîññèè ïî øàõìàòàì ñðåäè æåíù"]
[Site "Naberezhnye Chelny"]
[Date "2017.08.07"]
[Round "6.11"]
[White "Ñàìóñåíêî, Ðàìçèÿ."]
[Black "Ñîñíèíà, Åêàòåðèíà."]
[Result "0-1"]
[WhiteElo "2228"]
[BlackElo "1732"]
[PlyCount "156"]
[EventDate "2017.08.02"]

1. d4 Nf6 2. Nc3 e6 3. Bf4 b6 4. Nf3 Bb7 5. a3 d6 6. e3 Nbd7 7. Be2 Be7 8. h3
h6 9. Bh2 Nf8 10. Bd3 g5 11. Qe2 Ng6 12. e4 Nh5 13. g3 Ng7 14. g4 Qd7 15. Bb5
c6 16. Ba6 Bxa6 17. Qxa6 f5 18. exf5 exf5 19. Qd3 O-O 20. O-O-O Rf6 21. Nd2
Raf8 22. f3 Ne6 23. Ne2 d5 24. Be5 R6f7 25. Rdf1 c5 26. f4 cxd4 27. Bxd4 Ngxf4
28. Nxf4 Nxf4 29. Qf3 Bc5 30. Bxc5 bxc5 31. Kb1 Qb5 32. Qb3 Qxb3 33. Nxb3 Rc7
34. Re1 Kg7 35. Re5 Kg6 36. c4 dxc4 37. Nxc5 Rf6 38. Rd1 fxg4 39. hxg4 Rfc6 40.
Ne4 Nd3 41. Re8 Rb6 42. Rf1 Rxb2+ 43. Ka1 Rb6 44. Rg8+ Rg7 45. Rc8 Ra6 46. Ka2
Ne5 47. Nc5 Rd6 48. Ne4 Nxg4 49. Nxd6 Ne3 50. Rf3 Re7 51. Nxc4 Nxc4 52. Rxc4
Re6 53. Kb3 h5 54. Rc5 g4 55. Rff5 Re3+ 56. Kb2 Rh3 57. a4 g3 58. Rfd5 Rh2+ 59.
Kb3 g2 60. Rc6+ Kf7 61. Rd7+ Ke8 62. Rg7 Kf8 63. Rxa7 Rh3+ 64. Kb4 Rh4+ 65. Kb5
Re4 66. Rh6 Re7 67. Rh8+ Kg7 68. Raa8 Kg6 69. Ra6+ Kg7 70. Raa8 Kf6 71. Rhf8+
Rf7 72. Rg8 Rb7+ 73. Kc6 Rg7 74. Raf8+ Kg6 75. Rxg7+ Kxg7 76. Rf5 g1=Q 77. Rxh5
Qg6+ 78. Kb5 Qxh5+ 0-1

[Event "Ýòàï Êóáêà Ðîññèè ïî øàõìàòàì ñðåäè æåíù"]
[Site "Naberezhnye Chelny"]
[Date "2017.08.07"]
[Round "6.12"]
[White "Çèííàòóëëèíà, Àäåëÿ."]
[Black "Àõòûðñêàÿ, Àíàñòàñèÿ."]
[Result "1-0"]
[WhiteElo "1985"]
[BlackElo "1468"]
[PlyCount "87"]
[EventDate "2017.08.02"]

1. d4 d5 2. Nf3 Nf6 3. c4 Bf5 4. Nc3 e6 5. Bg5 Nbd7 6. cxd5 Be7 7. dxe6 Bxe6 8.
e4 O-O 9. h3 Nb6 10. d5 Bd7 11. Bd3 h6 12. Bf4 Bb4 13. O-O Bxc3 14. bxc3 Re8
15. Re1 Na4 16. c4 Nc5 17. e5 Nxd3 18. Qxd3 Nh7 19. Nd4 Nf8 20. Re3 a5 21. Nf5
Bxf5 22. Qxf5 Ra6 23. Rg3 Re7 24. Rb1 Qb8 25. d6 Re6 26. c5 Ng6 27. Rgb3 Ra7
28. c6 b6 29. Bg3 Qe8 30. d7 Qe7 31. Rc1 Ra8 32. Rb5 Qa3 33. Rd1 Rd8 34. Qc2
Qe7 35. Qc3 Qg5 36. a3 Ne7 37. Rxb6 Kh7 38. Ra6 a4 39. Kh2 Qh5 40. Qc2+ Kh8 41.
Rd4 Nf5 42. Ra8 Qg5 43. Rxd8+ Qxd8 44. Qxf5 1-0

[Event "Ýòàï Êóáêà Ðîññèè ïî øàõìàòàì ñðåäè æåíù"]
[Site "Naberezhnye Chelny"]
[Date "2017.08.07"]
[Round "6.13"]
[White "Òåðÿåâà, Âàëåðèÿ."]
[Black "Ãàåð, Ìàðãàðèòà."]
[Result "0-1"]
[WhiteElo "1771"]
[BlackElo "1521"]
[PlyCount "56"]
[EventDate "2017.08.02"]

1. e4 e6 2. Nf3 d5 3. Nc3 Nf6 4. e5 Nfd7 5. d4 c5 6. dxc5 Nc6 7. Bf4 Bxc5 8.
Bd3 f6 9. exf6 Nxf6 10. Qe2 O-O 11. O-O-O Nb4 12. Ng5 Qb6 13. a3 Nxd3+ 14. Rxd3
Bxf2 15. Rf1 Bd4 16. Rxd4 Qxd4 17. Nb5 Qc4 18. Qxc4 dxc4 19. Nc7 Nd5 20. Nxa8
Nxf4 21. Kd2 Nd5 22. Rxf8+ Kxf8 23. Ne4 Ke7 24. Nc3 Nxc3 25. Kxc3 Kd6 26. Kxc4
b6 27. Kb5 e5 28. c4 e4 0-1

[Event "Ýòàï Êóáêà Ðîññèè ïî øàõìàòàì ñðåäè æåíù"]
[Site "Naberezhnye Chelny"]
[Date "2017.08.07"]
[Round "6.14"]
[White "Ñòðîãàíîâà, Êàðèíà."]
[Black "Íèêîíîâà, Èðèíà."]
[Result "1-0"]
[WhiteElo "1625"]
[BlackElo "1839"]
[PlyCount "95"]
[EventDate "2017.08.02"]

1. d4 d6 2. Nf3 Bg4 3. Nbd2 Nd7 4. g3 Ngf6 5. Bg2 c6 6. O-O Qc7 7. c4 e6 8. Qc2
Be7 9. h3 Bh5 10. e4 O-O 11. Nh4 Ne8 12. f4 Bxh4 13. gxh4 Qd8 14. Qb3 Qb6 15.
Qd3 e5 16. c5 dxc5 17. Nc4 Qa6 18. fxe5 cxd4 19. Qxd4 Be2 20. Rf2 Bxc4 21. Qxd7
Be6 22. Qe7 Qb6 23. Bd2 a5 24. Raf1 Nc7 25. h5 f6 26. exf6 Rxf6 27. Bh6 Rf7 28.
Qg5 Kh8 29. Qe5 Kg8 30. Qg3 Qc5 31. Be3 Qe7 32. Bg5 Qc5 33. Bh6 Raf8 34. Kh2
Ne8 35. Bxg7 Nxg7 36. h6 Qd4 37. e5 Qd8 38. Rxf7 Rxf7 39. Rxf7 Kxf7 40. Qxg7+
Ke8 41. Qh8+ Kd7 42. Qxh7+ Kc8 43. Qg6 Bxa2 44. h7 Qh8 45. Qf5+ Kb8 46. Be4 Qd8
47. Qf6 Qd2+ 48. Bg2 1-0

[Event "Ýòàï Êóáêà Ðîññèè ïî øàõìàòàì ñðåäè æåíù"]
[Site "Naberezhnye Chelny"]
[Date "2017.08.07"]
[Round "6.15"]
[White "Ëûñåíêî, Îëåñÿ."]
[Black "ßêèìîâà, Ìàðèÿ."]
[Result "1-0"]
[WhiteElo "1658"]
[BlackElo "1772"]
[PlyCount "99"]
[EventDate "2017.08.02"]

1. e4 c5 2. Nc3 d6 3. f4 Nc6 4. g3 g6 5. Bg2 Bg7 6. Nf3 e6 7. O-O Nge7 8. d3
O-O 9. Nh4 Rb8 10. f5 exf5 11. exf5 Nxf5 12. Nxf5 Bxf5 13. Bf4 Nd4 14. Ne4 Bxe4
15. Bxe4 Qd7 16. c3 Ne6 17. Qb3 b5 18. a3 a5 19. Bd5 b4 20. axb4 axb4 21. Qc4
bxc3 22. bxc3 Nxf4 23. Rxf4 Bh6 24. Rf3 Rb2 25. Ra2 Rb1+ 26. Kg2 Kg7 27. d4 Qc7
28. dxc5 dxc5 29. Re2 Qa7 30. Rff2 f5 31. Ra2 Qc7 32. Rab2 Rb8 33. Qa2 R1xb2
34. Rxb2 Rxb2+ 35. Qxb2 Kf6 36. c4+ Ke7 37. Qh8 Kd6 38. Qf6+ Kd7 39. Qe6+ Kd8
40. Qg8+ Kd7 41. Qxh7+ Kc8 42. Qxh6 Qe7 43. Qxg6 Qe2+ 44. Kh3 Qf1+ 45. Kh4 Qf2
46. Qe8+ Kc7 47. Qe7+ Kc8 48. Be6+ Kb8 49. Qd6+ Ka7 50. Qc7+ 1-0

[Event "Ýòàï Êóáêà Ðîññèè ïî øàõìàòàì ñðåäè æåíù"]
[Site "Naberezhnye Chelny"]
[Date "2017.08.07"]
[Round "6.16"]
[White "Áóäêèíà, Êàðîëèíà."]
[Black "Ìàãèçîâà, ßíà."]
[Result "0-1"]
[WhiteElo "1380"]
[BlackElo "1556"]
[PlyCount "86"]
[EventDate "2017.08.02"]

1. e4 e5 2. Nf3 Nc6 3. d4 exd4 4. Nxd4 d6 5. Bc4 Nf6 6. Nc3 Be7 7. O-O h6 8.
Re1 O-O 9. h3 Nd7 10. Nf5 Nde5 11. Nxe7+ Nxe7 12. Bb3 Be6 13. Nd5 c6 14. Nf4
Bxb3 15. axb3 Qd7 16. Be3 a6 17. Qd2 f5 18. Rad1 Rad8 19. Bb6 Rde8 20. Qxd6
Qxd6 21. Rxd6 Nc8 22. Bc5 Nxd6 23. Bxd6 Rf6 24. Bb4 fxe4 25. Nh5 Rfe6 26. Rxe4
Nf7 27. Rg4 g5 28. Bc3 Rd8 29. Nf6+ Kf8 30. h4 Ke7 31. Ne4 h5 32. Rg3 Rxe4 33.
hxg5 Rd1+ 34. Kh2 Rh4+ 35. Rh3 Rxh3+ 36. Kxh3 Nxg5+ 37. Kh4 Ne4 38. f4 Rg1 39.
Kxh5 Rxg2 40. Be1 Kf6 41. b4 Kf5 42. Bh4 Rh2 43. c4 Nf6+ 0-1

[Event "Ýòàï Êóáêà Ðîññèè ïî øàõìàòàì ñðåäè æåíù"]
[Site "Naberezhnye Chelny"]
[Date "2017.08.07"]
[Round "6.17"]
[White "Àëèøåâà, Àéãóëü."]
[Black "Ìàëüöåâà, Àëåêñàíäðà."]
[Result "1-0"]
[WhiteElo "1199"]
[BlackElo "1145"]
[PlyCount "93"]
[EventDate "2017.08.02"]

1. e4 e5 2. Nc3 Nf6 3. f4 Bb4 4. fxe5 Bxc3 5. dxc3 Nxe4 6. Nf3 d6 7. exd6 Qxd6
8. Bd3 O-O 9. Be3 Nf6 10. Qd2 Re8 11. O-O-O Qe6 12. Rde1 Qxa2 13. Kd1 Qxb2 14.
c4 Nc6 15. Ke2 Ne5 16. Nxe5 Qxe5 17. Kf1 Ng4 18. Bf2 Ne3+ 19. Rxe3 Qa1+ 20. Qe1
Qxe1+ 21. Rxe1 Rxe1+ 22. Kxe1 Bg4 23. Kd2 a5 24. Ra1 h6 25. Bc5 b6 26. Bd4 f6
27. c5 Rb8 28. cxb6 cxb6 29. Bb5 Kf7 30. h3 Bf5 31. c3 Ke6 32. Ke3 Kd6 33. g4
Bg6 34. Kf4 Kc7 35. h4 Rd8 36. Re1 Kd6 37. c4 Bf7 38. Rd1 Ke6 39. Re1+ Kd6 40.
Bxb6 Rc8 41. c5+ Kd5 42. Rd1+ Ke6 43. Rd6+ Ke7 44. Rd7+ Kf8 45. c6 g5+ 46. hxg5
fxg5+ 47. Kg3 1-0

[Event "Ýòàï Êóáêà Ðîññèè ïî øàõìàòàì ñðåäè æåíù"]
[Site "Naberezhnye Chelny"]
[Date "2017.08.07"]
[Round "6.18"]
[White "Øàêèðîâà, Êàðèíà."]
[Black "Íóðóëëèíà, Ðàëèíà."]
[Result "0-1"]
[WhiteElo "1172"]
[BlackElo "1080"]
[PlyCount "40"]
[EventDate "2017.08.02"]

1. e4 g6 2. d4 Bg7 3. Nf3 d6 4. Be3 Nf6 5. Nc3 O-O 6. Be2 Nbd7 7. O-O c5 8.
dxc5 Nxc5 9. Bxc5 dxc5 10. Qxd8 Rxd8 11. Rad1 Be6 12. Ng5 Bg4 13. Bxg4 Nxg4 14.
f3 Ne3 15. Rxd8+ Rxd8 16. Rf2 Nc4 17. b3 Bxc3 18. bxc4 Rd1+ 19. Rf1 Bd4+ 20.
Kh1 Rxf1# 0-1

[Event "Ýòàï Êóáêà Ðîññèè ïî øàõìàòàì ñðåäè æåíù"]
[Site "Naberezhnye Chelny"]
[Date "2017.08.09"]
[Round "8.1"]
[White "×àðî÷êèíà, Äàðüÿ."]
[Black "Íå÷àåâà, Ìàðèíà."]
[Result "1-0"]
[WhiteElo "2344"]
[BlackElo "2432"]
[PlyCount "50"]
[EventDate "2017.08.02"]

1. d4 d5 2. c4 c6 3. Nc3 Nf6 4. Nf3 e6 5. Bg5 Nbd7 6. e3 h6 7. Bh4 g5 8. Bg3
Nh5 9. Qc2 Nxg3 10. hxg3 Bg7 11. O-O-O Qe7 12. Bd3 dxc4 13. Bxc4 O-O 14. Kb1
Rd8 15. Nh2 Nb6 16. Bb3 e5 17. dxe5 Rxd1+ 18. Rxd1 Qxe5 19. f4 gxf4 20. gxf4
Qe7 21. f5 Bd7 22. Rd2 Rf8 23. Ng4 Qh4 24. Qe4 c5 25. g3 Qg5 {çàïèñü
íåðàçáîð~~èâà} 1-0

[Event "Ýòàï Êóáêà Ðîññèè ïî øàõìàòàì ñðåäè æåíù"]
[Site "Naberezhnye Chelny"]
[Date "2017.08.09"]
[Round "8.2"]
[White "Õàðìóíîâà, Íàäåæäà."]
[Black "Ìèðçîåâà, Ýëüìèðà."]
[Result "0-1"]
[WhiteElo "2162"]
[BlackElo "2307"]
[PlyCount "88"]
[EventDate "2017.08.02"]

1. e4 c5 2. Nf3 Nc6 3. g3 g6 4. Bg2 Bg7 5. O-O d6 6. c3 e5 7. Na3 Nge7 8. d3
O-O 9. Be3 b6 10. d4 exd4 11. cxd4 Bg4 12. Nc2 Qd7 13. Qd2 Rad8 14. Rfe1 Rfe8
15. b4 Nxb4 16. Nxb4 cxb4 17. Qxb4 Nc6 18. Qd2 Rc8 19. Rac1 Na5 20. Bf4 Rxc1
21. Rxc1 Rxe4 22. Ne5 dxe5 23. Bxe4 exf4 24. Qxf4 Bxd4 25. h4 Bc5 26. Rc2 Bd6
27. Qg5 Kg7 28. Kh2 Bf5 29. Bxf5 Qxf5 30. Qd2 Bc5 31. Qe2 Nc6 32. Rc3 Nd4 33.
Qb2 Kg8 34. Kg2 h5 35. Re3 Qd5+ 36. f3 Kh7 37. Rd3 Qe5 38. Rd2 Qe3 39. Rf2 Nf5
40. Rf1 Qd3 41. Re1 Ne3+ 42. Kh2 Nc2 43. Re8 Qd2+ 44. Kh1 Qd1+ 0-1

[Event "Ýòàï Êóáêà Ðîññèè ïî øàõìàòàì ñðåäè æåíù"]
[Site "Naberezhnye Chelny"]
[Date "2017.08.09"]
[Round "8.3"]
[White "Àçèìîâà, Êàðèíà."]
[Black "Ñåìåíîâà, Åëåíà."]
[Result "0-1"]
[WhiteElo "2061"]
[BlackElo "2275"]
[PlyCount "136"]
[EventDate "2017.08.02"]

1. e4 e5 2. Nf3 Nc6 3. Nc3 Nf6 4. d4 Bb4 5. Nxe5 Qe7 6. Nxc6 Qxe4+ 7. Qe2 Qxe2+
8. Bxe2 dxc6 9. Bd2 Bf5 10. O-O-O O-O-O 11. Bg5 Rde8 12. Bd3 Bxd3 13. Bxf6 Bc4
14. Bxg7 Rhg8 15. Be5 Bxc3 16. bxc3 Bxa2 17. g3 c5 18. Rhe1 cxd4 19. cxd4 Rg6
20. Re3 Bd5 21. Bf4 Rxe3 22. Bxe3 Rc6 23. Kb2 Kd7 24. Rd3 Rb6+ 25. Kc1 Ra6 26.
Kb2 Ra2+ 27. Kb1 Ra4 28. Bc1 Be4 29. Rd2 a5 30. Bb2 Rc4 31. Ba3 b5 32. Bc5 b4
33. Kb2 a4 34. Re2 a3+ 35. Kb3 Bd5 36. Bxb4 a2 37. Re1 c5 38. Bc3 Rb4+ 39. Ka3
Rb1 40. Re5 Kc6 41. dxc5 a1=Q+ 42. Bxa1 Rxa1+ 43. Kb2 Rf1 44. Rf5 Kxc5 45. Kc3
Kd6 46. Kd4 Be6 47. Rh5 Rxf2 48. Rxh7 Rxc2 49. Rh6 Rc4+ 50. Kd3 Ra4 51. Ke3 Ke5
52. Rh5+ Bf5 53. Rh8 Ra3+ 54. Kf2 Be4 55. Re8+ Kf5 56. h4 Bf3 57. Rg8 f6 58.
Rg7 Bg4 59. Re7 Ra2+ 60. Kf1 Bh3+ 61. Ke1 Rg2 62. Rg7 Bg4 63. h5 Rxg3 64. h6
Rh3 65. h7 Kf4 66. Kf2 Bf5 67. Rf7 Kg5 68. Rg7+ Bg6 0-1

[Event "Ýòàï Êóáêà Ðîññèè ïî øàõìàòàì ñðåäè æåíù"]
[Site "Naberezhnye Chelny"]
[Date "2017.08.09"]
[Round "8.4"]
[White "Áåëîâà, Îëüãà."]
[Black "Õëè÷êîâà, Òàòüÿíà."]
[Result "1-0"]
[WhiteElo "2042"]
[BlackElo "2285"]
[PlyCount "147"]
[EventDate "2017.08.02"]

1. e4 e6 2. d4 d5 3. Nd2 Be7 4. c3 c5 5. dxc5 Nf6 6. e5 Nfd7 7. Ngf3 Nc6 8. Bb5
Bxc5 9. Qe2 Qb6 10. a4 Qc7 11. Nb3 Be7 12. O-O a6 13. Bxc6 bxc6 14. Re1 h6 15.
c4 dxc4 16. Qxc4 Rb8 17. Bd2 c5 18. Bc3 Bb7 19. Nbd2 O-O 20. Qg4 Kh8 21. Nc4
Bd5 22. Nfd2 f5 23. exf6 Bxf6 24. Bxf6 Nxf6 25. Qh3 Nd7 26. Rac1 Qf4 27. Qg3
Qf6 28. Ne4 Qd4 29. Ned6 Rb3 30. Re3 Rxe3 31. fxe3 Qd3 32. h3 Rf6 33. Qh4 Bxg2
34. Kxg2 Qe2+ 35. Kh1 Qf3+ 36. Kh2 Rg6 37. Rc2 Qd1 38. Rg2 Rf6 39. Qg4 Qxg4 40.
hxg4 Rf1 41. Ne4 Rc1 42. Nc3 Nf6 43. e4 Re1 44. e5 Nh7 45. Re2 Rc1 46. Nd6 Ng5
47. Nb7 Rf1 48. Nxc5 Rf4 49. Rg2 a5 50. Nb3 Rb4 51. Nxa5 Nf3+ 52. Kh3 Nxe5 53.
b3 g5 54. Re2 Nxg4 55. Rxe6 Kg7 56. Kg3 Nf6 57. Rxf6 h5 58. Rf5 h4+ 59. Kh2 Kg6
60. Rf8 Rd4 61. Rg8+ Kh5 62. Rh8+ Kg6 63. Ne2 Rd3 64. Kg2 Kf5 65. Nc4 Kf6 66.
a5 Kg7 67. Re8 g4 68. Re4 h3+ 69. Kh2 Rxb3 70. a6 Rb1 71. Rxg4+ Kf6 72. Rg1 Rb4
73. Ra1 Rxc4 74. a7 1-0

[Event "Ýòàï Êóáêà Ðîññèè ïî øàõìàòàì ñðåäè æåíù"]
[Site "Naberezhnye Chelny"]
[Date "2017.08.09"]
[Round "8.5"]
[White "Âàñèëåâè÷, Òàòüÿíà."]
[Black "Êîçèíà, Àíàñòàñèÿ."]
[Result "0-1"]
[WhiteElo "2380"]
[BlackElo "2132"]
[PlyCount "92"]
[EventDate "2017.08.02"]

1. Nf3 Nf6 2. c4 e6 3. Nc3 b6 4. g3 Bb7 5. Bg2 c5 6. O-O Be7 7. b3 O-O 8. Bb2
d5 9. cxd5 Nxd5 10. Qc2 Nd7 11. Rac1 Bf6 12. Rfd1 Rc8 13. Qb1 h6 14. e4 Nb4 15.
d4 cxd4 16. Nxd4 Qe7 17. Ndb5 Ba6 18. Nxa7 Rc5 19. Bf1 Bxf1 20. Kxf1 Ne5 21.
Nab5 Ned3 22. Rxd3 Rxb5 23. Rdd1 Rh5 24. Kg2 Bg5 25. Ba3 Bxc1 26. Qxc1 Ra8 27.
Kg1 Qc5 28. Rd7 Rxa3 29. Qxa3 Qxc3 30. Qa8+ Kh7 31. Rxf7 Ra5 32. Qb7 Rxa2 33.
Kg2 Qd4 34. Qe7 Nd3 35. Qxe6 Rxf2+ 36. Rxf2 Qxf2+ 37. Kh3 Qf3 38. Qf5+ Qxf5+
39. exf5 Nc1 40. b4 Na2 41. b5 Nc3 42. Kg4 Nxb5 43. Kf4 Nd6 44. g4 b5 45. Ke5
b4 46. Kd4 h5 0-1

[Event "Ýòàï Êóáêà Ðîññèè ïî øàõìàòàì ñðåäè æåíù"]
[Site "Naberezhnye Chelny"]
[Date "2017.08.09"]
[Round "8.6"]
[White "Øàôèãóëëèíà, Çàðèíà."]
[Black "Ìàêàðåíêî, Àëåêñàíäðà."]
[Result "0-1"]
[WhiteElo "2086"]
[BlackElo "2243"]
[PlyCount "106"]
[EventDate "2017.08.02"]

1. d4 Nf6 2. Nf3 g6 3. g3 Bg7 4. Bg2 O-O 5. O-O d6 6. c4 Nc6 7. Nc3 a6 8. Re1
Rb8 9. a4 Re8 10. a5 Bf5 11. e4 Bg4 12. h3 Bxf3 13. Bxf3 e5 14. d5 Nd4 15. Bg2
c5 16. f4 Nh5 17. Kh2 exf4 18. Bxf4 Nxf4 19. gxf4 Qh4 20. Rf1 Bh6 21. Qg4 Qxg4
22. hxg4 Nc2 23. Ra4 Ne3 24. Rf3 Nxg4+ 25. Kg3 Nf6 26. Rf1 b5 27. axb6 Rxb6 28.
Bf3 Rxb2 29. Rxa6 Rb3 30. Rxd6 Nxe4+ 31. Nxe4 Rxe4 32. Rd8+ Kg7 33. f5 Rxc4 34.
d6 Bg5 35. Rd7 Rd4 36. fxg6 hxg6 37. Kg2 Rb2+ 38. Kh3 Bf4 39. Bg2 Rb3+ 40. Rf3
Rxf3+ 41. Bxf3 Rxd6 42. Rxd6 Bxd6 43. Bd5 f5 44. Kg2 Kf6 45. Kf3 Ke5 46. Bc4
Kd4 47. Bf7 g5 48. Be6 g4+ 49. Kg2 Ke4 50. Bd7 c4 51. Bb5 c3 52. Bc6+ Ke3 53.
Bd7 c2 0-1

[Event "Ýòàï Êóáêà Ðîññèè ïî øàõìàòàì ñðåäè æåíù"]
[Site "Naberezhnye Chelny"]
[Date "2017.08.09"]
[Round "8.7"]
[White "Ñìèðíîâà, Åêàòåðèíà."]
[Black "Ñîñíèíà, Åêàòåðèíà."]
[Result "1/2-1/2"]
[WhiteElo "2141"]
[BlackElo "1732"]
[PlyCount "152"]
[EventDate "2017.08.02"]

1. d4 Nf6 2. c4 d6 3. Nc3 e5 4. dxe5 dxe5 5. Qxd8+ Kxd8 6. Nf3 Nbd7 7. Ng5 Ke7
8. Bd2 h6 9. Nf3 c6 10. O-O-O Kd8 11. h3 Kc7 12. g4 g5 13. e3 Bd6 14. Be2 Nc5
15. b4 Ncd7 16. c5 Be7 17. a3 a5 18. Kc2 e4 19. Nd4 Ne5 20. Bc1 Nd5 21. Ndb5+
Kb8 22. Nxd5 cxd5 23. Rxd5 Nc6 24. Bb2 Rg8 25. Be5+ Nxe5 26. Rxe5 Bf6 27. Rxe4
axb4 28. Rxb4 Be7 29. Nd6 Rxa3 30. Rhb1 Ra2+ 31. R1b2 Rxb2+ 32. Kxb2 Bxd6 33.
cxd6 Rd8 34. Rd4 Ka7 35. Kc3 Kb6 36. Kb4 Bd7 37. Bc4 Be6 38. e4 Bxc4 39. Kxc4
Kc6 40. e5 Kd7 41. Kd5 Ra8 42. Rc4 Ra5+ 43. Rc5 b6 44. Rxa5 bxa5 45. Kc5 a4 46.
Kb4 f6 47. exf6 Kxd6 48. Kxa4 Ke6 49. Kb4 Kxf6 50. Kc4 Ke5 51. Kd3 Kf4 52. Ke2
Ke4 53. f3+ Kd4 54. Kd2 Kd5 55. Kd3 Ke5 56. Ke3 Kd6 57. Kd4 Ke6 58. Ke4 Kf6 59.
Kd5 Kf7 60. Ke5 Kg7 61. f4 gxf4 62. Kxf4 Kg6 63. h4 Kf6 64. Ke4 Ke6 65. Kd4 Kd6
66. Ke4 Ke6 67. Kf3 Kf7 68. Kg2 Kg6 69. Kg3 Kg7 70. Kf2 Kf6 71. Ke2 Ke6 72. Kd2
Kd6 73. h5 Ke5 74. Ke3 Ke6 75. Ke4 Kf6 76. Kf4 Ke6 1/2-1/2

[Event "Ýòàï Êóáêà Ðîññèè ïî øàõìàòàì ñðåäè æåíù"]
[Site "Naberezhnye Chelny"]
[Date "2017.08.09"]
[Round "8.8"]
[White "Ïîãîðåëüñêèõ, Ñîôüÿ."]
[Black "×åêìàðåâà, Ëèÿ."]
[Result "0-1"]
[WhiteElo "2028"]
[BlackElo "2092"]
[PlyCount "170"]
[EventDate "2017.08.02"]

1. e4 c5 2. Nf3 e6 3. d4 cxd4 4. Nxd4 a6 5. Bd3 Ne7 6. O-O Nec6 7. Nxc6 Nxc6 8.
Qg4 h5 9. Qh3 e5 10. Qe3 h4 11. h3 b6 12. c4 Bc5 13. Qg5 Qxg5 14. Bxg5 Nb4 15.
Rd1 Bb7 16. Nc3 Bd4 17. Nd5 Bxd5 18. cxd5 f6 19. Be3 Bxe3 20. fxe3 Kf7 21. Be2
Rhc8 22. Kf2 b5 23. a3 Nc2 24. Rac1 b4 25. Bd3 b3 26. Rd2 Rc5 27. Bxc2 Rac8 28.
Ke2 bxc2 29. Kd3 f5 30. exf5 Rxd5+ 31. Ke2 Rb5 32. Rcxc2 Rxc2 33. Rxc2 e4 34.
b4 Rxf5 35. Rc4 Rg5 36. Kf2 Rf5+ 37. Ke2 Rg5 38. Kf2 Re5 39. Rc7 Ke7 40. Ra7
Re6 41. Ke2 Rg6 42. Kf2 Rc6 43. Ke2 Ke6 44. Rb7 Rc2+ 45. Kf1 Rc3 46. Rb6+ Rc6
47. Rb7 Rc3 48. Rb6+ Ke5 49. Rxa6 Rxe3 50. b5 Rb3 51. b6 Kd4 52. Ra4+ Ke3 53.
Rb4 Rxa3 54. Rb1 Ra8 55. b7 Rb8 56. Rb3+ Kd4 57. Rb4+ Ke3 58. Rb3+ Kf4 59. Kf2
d5 60. Rb4 Ke5 61. Ke3 Kd6 62. Rb6+ Kc5 63. Rb2 Kc6 64. Rc2+ Kxb7 65. Kd4 Rd8
66. Rc5 Kb6 67. Rc2 Rd7 68. Rc1 Rc7 69. Ra1 Ra7 70. Rd1 Kc6 71. Ke5 Re7+ 72.
Kd4 Kd6 73. Ra1 Rc7 74. Ra6+ Rc6 75. Ra7 Rc4+ 76. Ke3 Rc3+ 77. Kf2 Ke5 78. Re7+
Kd4 79. Rxg7 Rc2+ 80. Kg1 e3 81. Rg4+ Kd3 82. Ra4 Rc1+ 83. Kh2 e2 84. Ra3+ Ke4
85. Ra2 Rh1+ 0-1

[Event "Ýòàï Êóáêà Ðîññèè ïî øàõìàòàì ñðåäè æåíù"]
[Site "Naberezhnye Chelny"]
[Date "2017.08.09"]
[Round "8.9"]
[White "Ãóòêîâè÷, Ïîëèíà."]
[Black "Øàéäóëëèíà, Ñàíäóãà÷."]
[Result "1-0"]
[WhiteElo "1885"]
[BlackElo "2252"]
[PlyCount "141"]
[EventDate "2017.08.02"]

1. d4 d5 2. c4 dxc4 3. e3 e5 4. Bxc4 exd4 5. Nf3 Bb4+ 6. Bd2 Bxd2+ 7. Qxd2 Nc6
8. exd4 Nf6 9. Qe3+ Qe7 10. Nc3 O-O 11. O-O Qb4 12. b3 Bg4 13. a3 Qd6 14. Nb5
Qd8 15. Ne5 Na5 16. f3 Bc8 17. Rad1 a6 18. Nc3 b5 19. Be2 Bb7 20. Ne4 Nd5 21.
Qf2 Nxb3 22. Rb1 f5 23. Nc5 Nxc5 24. dxc5 Re8 25. f4 Nc3 26. Rbc1 Qd4 27. Bh5
Qxf2+ 28. Rxf2 g6 29. Bxg6 Ne2+ 30. Rxe2 hxg6 31. c6 Bc8 32. Rd2 b4 33. axb4
Rb8 34. Nd7 Bxd7 35. cxd7 Red8 36. Rxc7 Kf7 37. Rd4 Rb6 38. Kf2 Re6 39. Rc8 Ke7
40. Rxd8 Kxd8 41. Kg3 Re3+ 42. Kh4 Re2 43. Kh3 Re6 44. g3 Rc6 45. Kh4 Re6 46.
h3 Rc6 47. Kg5 Rc3 48. Kh4 Rc6 49. g4 Rc3 50. Rd6 Rc4 51. Kg5 Rxb4 52. Rxa6
Kxd7 53. Rxg6 Rb5 54. gxf5 Ke7 55. h4 Kf7 56. h5 Rb1 57. f6 Rg1+ 58. Kf5 Rh1
59. Rg7+ Kf8 60. Kg6 Rg1+ 61. Kh7 Rf1 62. h6 Rxf4 63. Kg6 Rf1 64. h7 Rg1+ 65.
Kf5 Rh1 66. Ke6 Re1+ 67. Kd5 Rd1+ 68. Ke4 Re1+ 69. Kf3 Rh1 70. Rg8+ Kf7 71.
h8=Q 1-0

[Event "Ýòàï Êóáêà Ðîññèè ïî øàõìàòàì ñðåäè æåíù"]
[Site "Naberezhnye Chelny"]
[Date "2017.08.09"]
[Round "8.10"]
[White "Çèííàòóëëèíà, Àäåëÿ."]
[Black "Ëûñåíêî, Ìàðãàðèòà."]
[Result "0-1"]
[WhiteElo "1985"]
[BlackElo "2126"]
[PlyCount "114"]
[EventDate "2017.08.02"]

1. d4 d5 2. c4 c6 3. Nf3 Nf6 4. Nc3 e6 5. cxd5 exd5 6. Bf4 Qb6 7. Qc2 g6 8. Be5
Nbd7 9. Bg3 Be7 10. e3 O-O 11. Bd3 Qd8 12. Ne5 Nh5 13. Nf3 Re8 14. a3 Nxg3 15.
hxg3 Bf6 16. Ne2 Nf8 17. Nf4 a5 18. Kf1 Qd6 19. Rc1 Bd7 20. Qc5 Qxc5 21. Rxc5
Ne6 22. Rc2 Ng7 23. Rc1 Bf5 24. Bxf5 Nxf5 25. Nd3 Nd6 26. Nfe5 Re7 27. a4 Bxe5
28. Nxe5 f6 29. Nd3 Nc4 30. Ke2 Rae8 31. Kd1 Nxe3+ 32. fxe3 Rxe3 33. Rc3 Rxg3
34. Nc5 Rxg2 35. Nxb7 Rxb2 36. Nxa5 Rb1+ 37. Rc1 Rb4 38. Nxc6 Rxa4 39. Rh2 f5
40. Re2 Rxe2 41. Kxe2 Kf7 42. Ke3 Ra3+ 43. Ke2 f4 44. Ne5+ Ke6 45. Rc7 Kf5 46.
Nc6 Ra2+ 47. Kf3 Ra3+ 48. Ke2 g5 49. Rf7+ Kg4 50. Ne5+ Kg3 51. Rxh7 f3+ 52.
Nxf3 Rxf3 53. Rd7 Rf5 54. Ke3 g4 55. Rd8 Kh2 56. Rh8+ Kg2 57. Rg8 g3 0-1

[Event "Ýòàï Êóáêà Ðîññèè ïî øàõìàòàì ñðåäè æåíù"]
[Site "Naberezhnye Chelny"]
[Date "2017.08.09"]
[Round "8.11"]
[White "Ñîñíèíà, Íàäåæäà."]
[Black "Ôàéðóçîâà, Çóëüôèÿ."]
[Result "1-0"]
[WhiteElo "1687"]
[BlackElo "1707"]
[PlyCount "81"]
[EventDate "2017.08.02"]

1. e4 e5 2. Nf3 d6 3. d4 exd4 4. Nxd4 Nf6 5. Nc3 Bd7 6. Bc4 Be7 7. O-O O-O 8.
Re1 Nc6 9. h3 a6 10. Nxc6 Bxc6 11. Qe2 Re8 12. Bf4 Nd7 13. Qh5 Rf8 14. Rad1 Qc8
15. Rd2 Bf6 16. Nd5 Bxd5 17. Bxd5 Nb6 18. c3 Nxd5 19. Rxd5 Re8 20. Bg5 Bxg5 21.
Qxg5 f6 22. Qg3 Qe6 23. Qd3 Re7 24. Re3 Rae8 25. f3 Qf7 26. c4 Re5 27. f4 R5e7
28. Qd4 Qg6 29. Ra5 h6 30. Kh2 Kf8 31. Qd5 Qf7 32. Qxb7 Qxc4 33. Rc3 Qf1 34.
Rf5 c5 35. Qd5 Re6 36. e5 dxe5 37. Rf3 Qb5 38. fxe5 Rxe5 39. Rxf6+ gxf6 40.
Rxf6+ Ke7 41. Qd6# 1-0

[Event "Ýòàï Êóáêà Ðîññèè ïî øàõìàòàì ñðåäè æåíù"]
[Site "Naberezhnye Chelny"]
[Date "2017.08.09"]
[Round "8.12"]
[White "ßêèìîâà, Ìàðèÿ."]
[Black "Ìàãèçîâà, ßíà."]
[Result "1-0"]
[WhiteElo "1772"]
[BlackElo "1556"]
[PlyCount "63"]
[EventDate "2017.08.02"]

1. e4 e5 2. Nf3 Nc6 3. d4 exd4 4. Nxd4 Nf6 5. Nxc6 bxc6 6. Bd3 d6 7. O-O Be7 8.
h3 h6 9. Nc3 O-O 10. Bf4 Be6 11. Qf3 Nh7 12. Rfe1 Rb8 13. b3 Kh8 14. Rad1 f5
15. Qe3 Bh4 16. g3 Bf6 17. e5 dxe5 18. Bxe5 Qc8 19. Bxf6 Rxf6 20. f4 Bd5 21.
Nxd5 cxd5 22. Qe5 c6 23. c4 dxc4 24. Bxc4 Rg6 25. Kh2 Nf8 26. a4 a6 27. Bxa6
Re6 28. Bxc8 Rxe5 29. fxe5 Rxc8 30. e6 Re8 31. e7 Ng6 32. Rd8 1-0

[Event "Ýòàï Êóáêà Ðîññèè ïî øàõìàòàì ñðåäè æåíù"]
[Site "Naberezhnye Chelny"]
[Date "2017.08.09"]
[Round "8.13"]
[White "Ëûñåíêî, Îëåñÿ."]
[Black "Àõòûðñêàÿ, Àíàñòàñèÿ."]
[Result "1/2-1/2"]
[WhiteElo "1658"]
[BlackElo "1468"]
[PlyCount "95"]
[EventDate "2017.08.02"]

1. e4 d5 2. exd5 Qxd5 3. Nc3 Qa5 4. d4 Nf6 5. Bc4 Bf5 6. Bd2 Qb6 7. Nf3 e6 8.
Bb3 c6 9. O-O Bd6 10. Be3 Qc7 11. h3 O-O 12. Nh4 Bg6 13. Nxg6 hxg6 14. Qf3 Nbd7
15. Ne4 Nxe4 16. Qxe4 Nf6 17. Qf3 Rae8 18. Bg5 Nh5 19. Rfe1 Be7 20. Bxe7 Qxe7
21. d5 cxd5 22. Bxd5 Qb4 23. Bxb7 Qxb2 24. c4 Rb8 25. Be4 Qd4 26. Rac1 Nf6 27.
c5 Nxe4 28. Qxe4 Qd2 29. Rc2 Qa5 30. c6 Rbc8 31. Rd1 Rfd8 32. Rd7 Qb5 33. Qd4
Qb1+ 34. Kh2 Rxd7 35. Qxd7 Qxc2 36. Qxc8+ Kh7 37. Qc7 Qxf2 38. Qg3 Qxa2 39. c7
Qc4 40. Qd6 a5 41. Kg3 a4 42. Qf4 Qc3+ 43. Kh2 a3 44. Qh4+ Kg8 45. Qd8+ Kh7 46.
c8=Q Qe5+ 47. Kg1 Qe1+ 48. Kh2 1/2-1/2

[Event "Ýòàï Êóáêà Ðîññèè ïî øàõìàòàì ñðåäè æåíù"]
[Site "Naberezhnye Chelny"]
[Date "2017.08.09"]
[Round "8.14"]
[White "Ñòðîãàíîâà, Êàðèíà."]
[Black "Ãàåð, Ìàðãàðèòà."]
[Result "0-1"]
[WhiteElo "1625"]
[BlackElo "1521"]
[PlyCount "56"]
[EventDate "2017.08.02"]

1. d4 e6 2. Nf3 f5 3. c4 d5 4. g3 Nf6 5. Bg2 c6 6. O-O Bd6 7. b3 O-O 8. Nc3 Ne4
9. Qc2 Nd7 10. c5 Bc7 11. b4 e5 12. b5 Qf6 13. dxe5 Nxe5 14. Bb2 Re8 15. Rfd1
Qh6 16. Nxe4 fxe4 17. Nxe5 Bxe5 18. Bxe5 Rxe5 19. Bxe4 Rxe4 20. bxc6 bxc6 21.
Qb3 Qe6 22. e3 Ba6 23. Rd2 Bc4 24. Qa3 Qh3 25. Qb2 Rf8 26. Re1 Re6 27. Qb7 Rxe3
28. Rxe3 Qf1# 0-1